El Sector exportador de una economía colonial La costa del Ecuador: 1760 - 1830

Guardat en:
Dades bibliogràfiques
Autor principal: Contreras C, Carlos
Format: Text
Publicat: Quito: FLACSO
Etiquetes: Afegir etiqueta
Sense etiquetes, Sigues el primer a etiquetar aquest registre!

MARC

LEADER 00000 a a2200000 04500
001 24467
003
040
020 |a 9978-67-002-5  
090 |a 166900  
100 |a Contreras C, Carlos  
245 |a El Sector exportador de una economía colonial La costa del Ecuador: 1760 - 1830  
260 |a Quito:   |b FLACSO  
300 |a 192 p   |b **no definido**   |b fonodiscos  
999 |c 12734  |d 12734